000 01149cab a22002055a 4500
001 L138341
008 070530e20070511xxk f 000 0 eng d
035 _a(Sirsi) u138341
041 0 _aeng
100 1 _aMorris, Huw
245 0 2 _aA release of energy
260 _c2007
490 _aPlanning (for the natural and built environment)
_v(1718) 11 May 2007, 19-22(2)
520 _aDiscusses issues around the emerging technology of microgeneration technologies. Such technologies can be fitted to homes by householders. Energy efficiency results are considerable. Discusses the need to alter planning restrictions so that such technologies can be more readily fitted. Discusses each technology in detail. Wind turbines have the largest planning problem. Solar panels are less problematic but also require planning permission. Biomass requires an escape flue which may require more lax planning laws. Hydropower, heat pumps and CHP technologies are also covered.
590 _aKA
650 2 4 _aENERGY EFFICIENCY
651 4 _aENGLAND AND WALES
690 _aENVIRONMENTAL AND LAND CONSULTANCY-ENERGY-ENERGY USE-ENERGY EFFICIENCY
942 _n0
999 _c78836
_d78836